| 000 -LEADER |
| fixed length control field |
00658cam a2200193 a 4500 |
| 020 ## - INTERNATIONAL STANDARD BOOK NUMBER |
| ISBN |
0439188954 (Scholastic Book Club ed.) |
| 040 ## - CATALOGING SOURCE |
| Transcribing agency |
DLC |
| 082 00 - DEWEY DECIMAL CLASSIFICATION NUMBER |
| Classification number |
813 SCH 2001 A096 Or. |
| 100 1# - MAIN ENTRY--AUTHOR NAME |
| Personal name |
McMullan, Kate. |
| 245 10 - TITLE STATEMENT |
| Title |
As far as I can see / |
| 250 ## - EDITION STATEMENT |
| Edition statement |
1st ed. |
| 260 ## - PUBLICATION, DISTRIBUTION, ETC. (IMPRINT) |
| Place of publication |
New York : |
| Name of publisher |
Scholastic, |
| Year of publication |
2001. |
| 300 ## - PHYSICAL DESCRIPTION |
| Number of Pages |
106 p. ; |
| Other physical details |
ill. ; |
| Dimensions |
19 cm. |
| 490 1# - SERIES STATEMENT |
| Series statement |
Meg's diary ; |
| 520 ## - SUMMARY, ETC. |
| Summary, etc |
In her diary for 1856, nine-year-old Meg describes the long, dangerous journey she and her younger brother make from Missouri to Kansas, as well as the new life they find there. |
| 650 #1 - SUBJECT ADDED ENTRY--TOPICAL TERM |
| Topical Term |
Frontier and pioneer life |
| 650 #1 - SUBJECT ADDED ENTRY--TOPICAL TERM |
| Topical Term |
Diaries |
| 942 ## - ADDED ENTRY ELEMENTS (KOHA) |
| Koha item type |
សៀវភៅភាសាអង់គ្លេស |
| 952 ## - LOCATION AND ITEM INFORMATION (KOHA) |
| Withdrawn status [LOCAL, KOHA] |
0 |